[Event "PCA/Intel-GP"]
[Site "New York"]
[Date "1994.??.??"]
[Round "2"]
[White "Adams, Michael"]
[Black "Nikolic, Predrag"]
[Result "1-0"]
[WhiteElo "2640"]
[BlackElo "2655"]

1.e4 e6 2.d4 d5 3.e5 c5 4.c3 Nc6 5.Nf3 Bd7 6.Be2 Nge7 7.Na3 cxd4 8.cxd4 Ng6
9.Nc2 Be7 10.Bd3 Nb4 11.Nxb4 Bxb4+ 12.Kf1 Be7 13.h4 Qb6 14.h5 Nf8 15.a4 a6
16.Rh3 f5 17.exf6 gxf6 18.Rg3 O-O-O 19.Bf4 Bd6 20.Qc1+ Kb8 21.Kg1 Qc7 22.Bxd6 Qxd6
23.Qh6 Bc6 24.Qxf6 Nd7 25.Qh6 Rdf8 26.Re1 Nf6 27.b3 Be8 28.Re5 Qb6 29.Bc2 Qc6
30.Bd1 Ka7 31.Qe3 Ne4 32.Rg7 h6 33.Be2 Qd6 34.Bd3 Qb4 35.Bxe4 dxe4 36.Rxe4 Ka8
37.Rxe6 Bxh5 38.Ne5 Re8 39.d5 Rxe6 40.dxe6 Re8 41.Nc4  1-0

[Event "PCA/Intel-GP"]
[Site "New York"]
[Date "1994.??.??"]
[Round "3"]
[White "Nikolic, Predrag"]
[Black "Kasparov, Gary"]
[Result "0-1"]
[WhiteElo "2655"]
[BlackElo "2815"]

1.d4 Nf6 2.c4 g6 3.Nf3 Bg7 4.g3 O-O 5.Bg2 d6 6.O-O Nbd7 7.Nc3 e5 8.e4 c6
9.b3 Re8 10.h3 a6 11.Be3 exd4 12.Nxd4 Nc5 13.Qc2 Qe7 14.Rfe1 Bd7 15.f3 Nh5
16.g4 Nf4 17.Bxf4 Bxd4+ 18.Kh1 Ne6 19.Bh2 Qf6 20.Rac1 Be5 21.Ne2 Bxh2 22.Kxh2 Qe5+
23.Kh1 h5 24.Rcd1 hxg4 25.hxg4 Rad8 26.Qd2 Bc8 27.Qh6 g5 28.Kg1 b5 29.cxb5 axb5
30.Rc1 Bb7 31.Kf2 Ra8 32.Rc2 Nd4 33.Nxd4 Qxd4+ 34.Kg3 Qe5+ 35.Kf2 Re6 36.Qh5 Kf8
37.Qh7 Rf6 38.Rd1 Ke7 39.Kg1 Rf4 40.Qh2 Rh8 41.Qg3 Rxe4 42.Qf2 Re3 43.Qd2 c5
44.Qa5 Kf6 45.Qc7 Re1+  0-1

[Event "PCA-op"]
[Site "New York"]
[Date "1994.??.??"]
[Round "3"]
[White "Nikolic, Predrag"]
[Black "Hjartarson, Johann"]
[Result "0-1"]
[WhiteElo "2655"]
[BlackElo "2585"]

1.d4 Nf6 2.c4 e6 3.Nf3 b6 4.g3 Ba6 5.b3 Bb4+ 6.Bd2 Be7 7.Bg2 O-O 8.O-O d5
9.cxd5 exd5 10.Nc3 c6 11.Qc2 Nbd7 12.Rfe1 Bb7 13.Rad1 Re8 14.Bf4 Nf8 15.Ne5 Ne6
16.Bc1 Bd6 17.f4 Rc8 18.e3 Qe7 19.Bb2 c5 20.Qe2 cxd4 21.exd4 Bb4 22.Qe3 Ne4
23.Bxe4 dxe4 24.Rf1 Bxc3 25.Bxc3 Nc7 26.Bb2 Nd5 27.Qe2 f6 28.Nc4 e3 29.h3 b5
30.Na5 Ba8 31.a3 Qe4 32.Rc1 Nxf4  0-1

[Event "PCA-op"]
[Site "New York"]
[Date "1994.??.??"]
[Round "7"]
[White "Nikolic, Predrag"]
[Black "Christiansen, Larry Mark"]
[Result "1-0"]
[WhiteElo "2655"]
[BlackElo "2575"]

1.d4 g6 2.c4 Bg7 3.Nf3 d6 4.g3 Nf6 5.Bg2 O-O 6.O-O c6 7.Nc3 Bf5 8.b3 Ne4
9.Bb2 Nxc3 10.Bxc3 Be4 11.e3 d5 12.Qe2 Nd7 13.Rfc1 e6 14.Bf1 Bxf3 15.Qxf3 Qe7
16.Rc2 Rfd8 17.cxd5 exd5 18.b4 a6 19.a4 Nf6 20.Be1 Ne4 21.Rb1 Rac8 22.b5 axb5
23.axb5 c5 24.dxc5 Nxc5 25.Ba5 Rd7 26.Rbc1 Ra8 27.Rxc5 Rxa5 28.Rxd5 Rxd5
29.Qxd5 Bf6 30.Rc8+ Kg7 31.Rb8 Qe5 32.Qxe5 Bxe5 33.Rxb7 Ra1 34.Kg2 Rc1 35.Bd3 Rc7
36.Rxc7 Bxc7 37.g4 Kf6 38.Bc4 h6 39.h3 Ke7 40.Kf3 f5 41.gxf5 gxf5 42.e4 f4
43.Kg4 Kf6 44.Kh5 Kg7 45.f3 Be5 46.b6 Bd6 47.b7 Be5 48.Be6 Bd6 49.Bf5 Bc7
50.h4 Bd6 51.Kg4 Kf6 52.Kh3 Ke5 53.Bd7 Kf6 54.Kg2 Ke5 55.Kf2 Kd4 56.Ke2 Kc4
57.Kd2 Bb4+ 58.Kc2 Bd6 59.Be6+ Kb4 60.e5 Bxe5  1-0

[Event "PCA-op"]
[Site "New York"]
[Date "1994.??.??"]
[Round "8"]
[White "Yudasin, Leonid"]
[Black "Nikolic, Predrag"]
[Result "0-1"]
[WhiteElo "2625"]
[BlackElo "2655"]

1.e4 e5 2.Nf3 Nc6 3.Bc4 Nf6 4.d3 Be7 5.O-O O-O 6.c3 d6 7.Bb3 Na5 8.Bc2 c5
9.h3 Nc6 10.Re1 Re8 11.d4 h6 12.dxc5 dxc5 13.Nbd2 Qc7 14.Nc4 Be6 15.Ne3 Rad8
16.Qe2 Bf8 17.Nh2 c4 18.Qf3 b5 19.Nf5 Bxf5 20.Qxf5 Re6 21.Nf1 Bc5 22.Ne3 Ne7
23.Qf3 a6 24.g3 Nh7 25.h4 Nf8 26.Nf5 Qc6 27.Kg2 Re8 28.Ne3 Rd8 29.Re2 Rf6
30.Qh5 Nfg6 31.Kh2 Re6 32.Nf5 Nf8 33.Qg4 Rg6 34.Qh5 Re6 35.Bd2 Nh7 36.Qg4 Nxf5
37.exf5 Nf6 38.Qh3 Red6 39.Be1 Qf3 40.Qf1 e4 41.a4 Ng4+ 42.Kg1 e3 43.fxe3 Bxe3+
44.Rxe3 Qxf1+ 45.Kxf1 Nxe3+ 46.Kf2 Nxc2 47.Rc1 Nxe1 48.Rxe1 Rd2+ 49.Kf3 Rxb2
50.axb5 axb5 51.f6  0-1

[Event "PCA-op"]
[Site "New York"]
[Date "1994.??.??"]
[Round "10"]
[White "Nikolic, Predrag"]
[Black "Ehlvest, Jaan"]
[Result "1/2-1/2"]
[WhiteElo "2655"]
[BlackElo "2600"]

1.d4 e6 2.Nf3 b6 3.g3 Bb7 4.Bg2 c5 5.O-O cxd4 6.Nxd4 Bxg2 7.Kxg2 Nf6 8.c4 Be7
9.Nb5 O-O 10.Bf4 Na6 11.N1c3 Qc8 12.b3 Qb7+ 13.Kg1 d5 14.cxd5 exd5 15.Rc1 Rad8
16.Nd4 Ne4 17.Ncb5 Qd7 18.Nc6 Bc5 19.Nbxa7 Ra8 20.b4 Nxb4 21.Nxb4 Rxa7 22.Qb3 Bxb4
23.Qxb4 Rxa2 24.Rfe1 Qe6 25.Be3 Nc5  1/2-1/2

[Event "PCA/Intel-GP"]
[Site "Paris"]
[Date "1994.??.??"]
[Round "1.1"]
[White "Tkachiev, Vladislav"]
[Black "Nikolic, Predrag"]
[Result "0-1"]
[WhiteElo "2535"]
[BlackElo "2655"]

1.e4 e5 2.Nf3 Nc6 3.Bc4 Nf6 4.d3 Be7 5.O-O O-O 6.Re1 d6 7.a4 Be6 8.Nbd2 Re8
9.a5 Bf8 10.c3 Rb8 11.b4 a6 12.Qb3 h6 13.h3 Qd7 14.Bb2 Ne7 15.Bxe6 Qxe6 16.Qxe6 fxe6
17.c4 Nd7 18.Bc3 g5 19.Rab1 Bg7 20.Nf1 Rf8 21.N3d2 Ng6 22.g3 Ne7 23.Ne3 Nc6
24.Kg2 Nd4 25.Rh1 h5 26.Nb3 Kh7 27.Ba1 Kg6 28.Rhc1 Rf7 29.c5 Rbf8 30.Nd1 Nf3
31.Kf1 g4 32.h4 Bh6 33.Rc2 Nb8 34.cxd6 cxd6 35.Bb2 Nc6 36.Ba3 Ncd4 37.Nxd4 Nxd4
38.Rc3 Nb5 39.Rcb3 Rc8 40.Bb2 Rc2 41.Ba1 Rf3 42.R1b2 Rc1 43.Rb1 Rxb1 44.Rxb1 Rxd3
45.Ke2 Rd2+ 46.Ke1 Rc2 47.Rb2 Rc4 48.Re2 Rxb4 49.Nc3 Nxc3  0-1

[Event "PCA/Intel-GP"]
[Site "Paris"]
[Date "1994.??.??"]
[Round "2.1"]
[White "Nikolic, Predrag"]
[Black "Smirin, Ilia"]
[Result "1/2-1/2"]
[WhiteElo "2655"]
[BlackElo "2615"]

1.d4 Nf6 2.Nf3 g6 3.g3 Bg7 4.Bg2 O-O 5.c4 c6 6.O-O d5 7.b3 Bf5 8.Bb2 Ne4
9.e3 Nd7 10.Qe2 Qa5 11.Rc1 Rac8 12.Nc3 Nxc3 13.Bxc3 Qa6 14.Bf1 dxc4 15.bxc4 c5
16.Nd2 cxd4 17.exd4 e5 18.dxe5 Rfe8 19.f4 f6 20.Nf3 fxe5 21.Nxe5 Nxe5 22.fxe5 Bxe5
23.Bxe5 Rc5 24.Re1 Rcxe5 25.Qxe5 Rxe5 26.Rxe5 Kg7 27.Re3 Qa5 28.a3 Qc5 29.Re1 Be6
30.Bg2 b6 31.h4 Bxc4 32.Kh2 a5 33.a4 h5 34.Re7+ Kf6 35.R7e4 Bf7 36.Rf4+ Kg7
37.Rb1 Qc2 38.Rbf1 Bd5 39.R1f2 Qc6 40.Rf7+ Kh6 41.R7f6 Qb7 42.Bxd5 Qxd5 43.Rxb6 Qd1
44.Rff6 Kh7 45.Rb7+ Kh6 46.Rff7 Qe2+ 47.Kg1 Qe1+ 48.Kg2 Qe2+ 49.Kg1 Qe1+
50.Kg2 Qe2+ 51.Kg1 Qe1+ 52.Kg2  1/2-1/2

[Event "PCA/Intel-GP"]
[Site "Paris"]
[Date "1994.??.??"]
[Round "2.1"]
[White "Smirin, Ilia"]
[Black "Nikolic, Predrag"]
[Result "0-1"]
[WhiteElo "2615"]
[BlackElo "2655"]

1.e4 e6 2.d4 d5 3.Nd2 c5 4.Ngf3 Nf6 5.e5 Nfd7 6.c3 Nc6 7.Bd3 Be7 8.O-O h6
9.Re1 O-O 10.Nf1 f5 11.exf6 Nxf6 12.Ng3 Bd6 13.a3 cxd4 14.cxd4 Bd7 15.Bc2 Ne7
16.Ne5 Be8 17.Qd3 Bxe5 18.dxe5 Bg6 19.Qe2 Nd7 20.f4 Rc8 21.Bxg6 Nxg6 22.Qg4 Qe8
23.Bd2 Rc4 24.Nh5 Qf7 25.b3 Rc2 26.Qd1 Rfc8 27.g4 Nh4 28.Rf1 Qg6 29.Rf2 Qd3
30.Bb4 Qe3 31.Be1 Rc1  0-1

[Event "PCA/Intel-GP"]
[Site "Paris"]
[Date "1994.??.??"]
[Round "3.1"]
[White "Vaisser, Anatoli"]
[Black "Nikolic, Predrag"]
[Result "1/2-1/2"]
[WhiteElo "2575"]
[BlackElo "2655"]

1.d4 Nf6 2.c4 e6 3.Nc3 Bb4 4.e3 O-O 5.Bd3 d5 6.Nf3 c5 7.O-O dxc4 8.Bxc4 b6
9.a3 cxd4 10.axb4 dxc3 11.Qxd8 Rxd8 12.bxc3 Bb7 13.Be2 a6 14.c4 Nc6 15.Ba3 Ne4
16.Rfc1 f6 17.Rc2 Kf7 18.Ne1 Rac8 19.f3 Nd6 20.Rac1 Ne7 21.b5 axb5 22.cxb5 Ne8
23.e4 Rxc2 24.Rxc2 g5 25.Kf2 Ng6 26.Nd3 Rd7 27.Bc1 Rc7 28.Rxc7+ Nxc7 29.Nb4 Bc8
30.Be3 Bd7 31.Nc6 Bxc6 32.bxc6 Ne7 33.Bxb6 Na8 34.Bc5 Nxc6 35.Bb5 Ne5 36.Ke3 Nc7
37.Ba4 Ne8 38.Kd4 h5 39.Bb3 h4 40.Ke3 Ng7 41.g3 hxg3 42.hxg3 Nh5 43.g4 Nf4
44.Bd6 Nfg6 45.Bc7 Ke7 46.Ba5 Kf7 47.Bc3 Ke7 48.Bd1 Kf7 49.Kd4 Nh4 50.Ke3 Ng2+
51.Kf2 Nf4 52.Bb3 Nfg6 53.Ke3 Nh4 54.Bd1 Ng2+ 55.Kf2 Nf4 56.Bd4 Nc6 57.Bb6 Ne5
58.Bc7 Nfg6 59.Ke3 Ke7 60.Kd4 Kd7 61.Bb6 Nh4  1/2-1/2

[Event "PCA/Intel-GP"]
[Site "Paris"]
[Date "1994.??.??"]
[Round "4.2"]
[White "Nikolic, Predrag"]
[Black "Kasparov, Gary"]
[Result "0-1"]
[WhiteElo "2655"]
[BlackElo "2810"]

1.d4 Nf6 2.c4 g6 3.Nf3 Bg7 4.g3 O-O 5.Bg2 d6 6.O-O c5 7.d5 b5 8.cxb5 a6 9.bxa6 Bf5
10.Nc3 Ne4 11.Nxe4 Bxe4 12.Nd2 Bxg2 13.Kxg2 Rxa6 14.Nc4 Nd7 15.e4 Qa8 16.a4 Rb8
17.Ra3 Nb6 18.Nxb6 Raxb6 19.b3 Rb4 20.Re1 Qb7 21.a5 Qb5 22.Re2 Rxb3 23.Rxb3 Qxb3
24.Qxb3 Rxb3 25.Ra2 Rb8 26.Kf3 Kf8 27.Ke2 Ke8 28.Bd2 Bd4 29.Ra4 Kd7 30.a6 Ra8
31.f3 h5 32.h3 Kc8 33.Kd3 Kb8 34.Kc4 Ka7 35.Kb5 Rb8+ 36.Kc6 Rb3 37.g4 Rxf3
38.gxh5 gxh5 39.Ba5 Rxh3 40.Bb6+ Ka8 41.Bd8 Be5 42.Bxe7 Rg3 43.Ra5 Ka7 44.Rb5 Rg8
45.Rb3 c4 46.Ra3 c3 47.Ra2 c2  0-1

[Event "Ter Apel"]
[Site "Ter Apel"]
[Date "1994.??.??"]
[Round "1"]
[White "Nikolic, Predrag"]
[Black "Andersson, Ulf"]
[Result "1/2-1/2"]
[WhiteElo "2625"]
[BlackElo "2620"]

1.d4 Nf6 2.c4 e6 3.Nf3 Bb4+ 4.Bd2 Bxd2+ 5.Nbxd2 d6 6.g3 O-O 7.Bg2 c5 8.O-O Nc6
9.Nb3 Qe7 10.Qd2 Bd7 11.Rad1 b6 12.Nc1 Rac8 13.b3 e5 14.d5 Nd4 15.Nxd4 exd4
16.Qd3 Rfe8 17.Rde1 Ng4 18.h3  1/2-1/2

[Event "Ter Apel"]
[Site "Ter Apel"]
[Date "1994.??.??"]
[Round "2"]
[White "Nikolic, Predrag"]
[Black "Khalifman, Alexander"]
[Result "1/2-1/2"]
[WhiteElo "2625"]
[BlackElo "2660"]

1.d4 d5 2.c4 c6 3.Nf3 Nf6 4.e3 Bf5 5.cxd5 cxd5 6.Qb3 Qc7 7.Bd2 e6 8.Nc3 Nc6
9.Rc1 Be7 10.Ne5 O-O 11.Bb5 Nxe5 12.Nxd5 Qxc1+ 13.Bxc1 Nxd5 14.e4 Bxe4 15.dxe5 Bxg2
16.Rg1 Be4 17.Bd3 Rac8 18.Bd2 Bxd3 19.Qxd3 Rfd8 20.Qe4 Bb4 21.Rxg7+ Kxg7
22.Bxb4 Nxb4 23.Qg4+ Kh8 24.Qxb4 Rd7 25.h4 h6  1/2-1/2

[Event "Hoogovens"]
[Site "Wijk aan Zee"]
[Date "1994.??.??"]
[Round "1"]
[White "Nikolic, Predrag"]
[Black "Piket, Jeroen"]
[Result "1-0"]
[WhiteElo "2625"]
[BlackElo "2605"]

1.d4 d5 2.c4 c6 3.Nf3 Nf6 4.Nc3 e6 5.e3 Nbd7 6.Bd3 dxc4 7.Bxc4 b5 8.Bb3 b4
9.Na4 Ba6 10.Bd2 Rc8 11.Rc1 Qa5 12.Bc4 Be7 13.O-O O-O 14.Bxa6 Qxa6 15.Qb3 Qb5
16.Rc4 Nd5 17.Rfc1 N7b6 18.Nxb6 Nxb6 19.R4c2 c5 20.dxc5 Rxc5 21.Nd4 Rxc2
22.Nxb5 Rxd2 23.a3 bxa3 24.bxa3 Rfd8 25.g3 Bf6 26.Rb1 R8d3 27.Qb4 h5 28.Qe4 g6
29.Nxa7 Rxa3 30.Qb4 Rda2 31.Nb5 Ra4 32.Qc5 Nd7 33.Qc7 Ra1 34.Rxa1 Rxa1+ 35.Kg2 Rd1
36.Nd6 Be7 37.Ne4 Nf6 38.Qxe7 Nxe4 39.Qe8+ Kg7 40.Qa4 Nxf2 41.Kxf2 Rd2+ 42.Kg1 Rd5
43.Qc2 Kg8 44.Kf2 Rf5+ 45.Ke2 Rd5 46.Qb2 Ra5 47.e4 Rg5 48.Qb6 Kg7 49.Kf3 h4
50.Qd4+ e5 51.Qd8 Rh5 52.g4  1-0

[Event "Hoogovens"]
[Site "Wijk aan Zee"]
[Date "1994.??.??"]
[Round "3"]
[White "Nikolic, Predrag"]
[Black "Hansen, Curt"]
[Result "1/2-1/2"]
[WhiteElo "2625"]
[BlackElo "2580"]

1.d4 d6 2.c4 e5 3.Nf3 e4 4.Ng5 f5 5.Nc3 c6 6.g3 Be7 7.Nh3 Nf6 8.Bg2 O-O 9.O-O Kh8
10.d5 Nbd7 11.b3 Ne5 12.Bb2 Bd7 13.Qd2 cxd5 14.Nxd5 Nxd5 15.Qxd5 Bc6 16.Qd2 Ng6
17.Rad1 Qe8 18.f3 exf3 19.Bxf3 Rd8 20.Bd5 Bxd5 21.Qxd5 Bf6 22.Bxf6 Rxf6 23.Qxb7 Qxe2
24.Qg2 Qh5 25.Rde1 h6 26.Nf4 Nxf4 27.Rxf4 Re8 28.Rxe8+ Qxe8 29.Qd5 g5 30.Rf2 f4
31.Qd4 Qe5 32.Qxe5 dxe5 33.c5 e4 34.Rc2 e3 35.c6 e2 36.Rxe2 Rxc6 37.gxf4 gxf4
38.Kf2 Rc3 39.Re8+ Kg7 40.Re7+ Kf6 41.Rxa7 Kf5 42.Re7 h5 43.Re2 Rc1 44.Rb2 Kg4
45.b4 h4 46.h3+ Kxh3 47.Kf3 Rf1+ 48.Rf2 Rb1 49.a3 Rb3+ 50.Kxf4 Rxb4+ 51.axb4  1/2-1/2

[Event "Hoogovens"]
[Site "Wijk aan Zee"]
[Date "1994.??.??"]
[Round "5"]
[White "Van Wely, Loek"]
[Black "Nikolic, Predrag"]
[Result "0-1"]
[WhiteElo "2570"]
[BlackElo "2625"]

1.d4 d5 2.c4 dxc4 3.e4 e5 4.Nf3 Bb4+ 5.Nc3 exd4 6.Nxd4 Qh4 7.Bxc4 Qxe4+ 8.Kf1 Bxc3
9.bxc3 Be6 10.Be2 Qd5 11.Bf3 Qc4+ 12.Kg1 Nc6 13.Nxc6 bxc6 14.Ba3 Ne7 15.Qd2 Rd8
16.Qe3 Rd3 17.Qc5 Qxc5 18.Bxc5 Rxc3 19.Bxa7 c5 20.h4 Nc8 21.Bc6+ Ke7 22.Bb8 Kd6
23.Bb7 Kd7 24.Rd1+ Nd6 25.Ba7 c6 26.Rb1 Nb5 27.Bb6 Rb8 28.Rd1+ Bd5  0-1

[Event "Hoogovens"]
[Site "Wijk aan Zee"]
[Date "1994.??.??"]
[Round "7"]
[White "Smirin, Ilia"]
[Black "Nikolic, Predrag"]
[Result "0-1"]
[WhiteElo "2615"]
[BlackElo "2625"]

1.e4 e5 2.Nf3 Nc6 3.Bb5 a6 4.Ba4 Nf6 5.O-O Be7 6.Re1 b5 7.Bb3 O-O 8.d3 d6
9.c3 Na5 10.Bc2 c5 11.Nbd2 Nc6 12.a4 Be6 13.Nf1 Re8 14.h3 h6 15.Ng3 Bf8 16.d4 cxd4
17.cxd4 exd4 18.Nxd4 Nxd4 19.Qxd4 Rc8 20.Bd3 Nd7 21.axb5 Nc5 22.bxa6 Nb3
23.Qa4 Nxa1 24.Qxa1 d5 25.exd5 Qxd5 26.Be4 Qb5 27.a7 Bd5 28.Bf4 Ra8 29.Bb8 Bxe4
30.Nxe4 Qc6 31.Nc3 Rxe1+ 32.Qxe1 Bc5 33.Qe5 f6 34.Qf4 Kh8 35.Ne4 Bd4 36.Nc3 Bc5
37.Ne4 Bb6 38.b4 Qe8 39.Kh2 Bxa7 40.Bxa7 Rxa7 41.Nxf6 gxf6 42.Qxh6+ Kg8 43.Qxf6 Qe4
44.b5 Rf7 45.Qg5+ Rg7 46.Qd8+ Kh7 47.g4 Qe5+ 48.Kg2 Qxb5 49.Qd4 Qc6+ 50.Kg3 Rd7
51.Qe3 Qd6+ 52.Kg2 Re7 53.Qg5 Re5 54.Qf4 Qd5+ 55.Kg3 Re1 56.Qc7+ Kg8 57.Qb8+ Kf7
58.Qf4+ Kg6 59.Kh4 Rg1  0-1

[Event "Hoogovens"]
[Site "Wijk aan Zee"]
[Date "1994.??.??"]
[Round "8"]
[White "Nikolic, Predrag"]
[Black "Sokolov, Ivan"]
[Result "1-0"]
[WhiteElo "2625"]
[BlackElo "2650"]

1.d4 Nf6 2.c4 e6 3.Nf3 c5 4.d5 b5 5.dxe6 fxe6 6.cxb5 Bb7 7.g3 Qb6 8.a4 a6
9.Na3 axb5 10.axb5 d5 11.Bh3 Ne4 12.O-O Nd7 13.Nd2 Ndf6 14.Nxe4 Nxe4 15.Bg2 Nd6
16.e4 dxe4 17.Bf4 Nf5 18.Re1 Rd8 19.Qa4 Ra8 20.Qd1 Rd8 21.Qa4 Ra8 22.Qc4 Bd5
23.Qe2 Nd4 24.Qh5+ g6 25.Qe5 Rg8 26.Bxe4 Bg7 27.Qd6 Qxd6 28.Bxd6 Bxe4 29.Rxe4 Nf3+
30.Kg2 Bxb2 31.Ra2 Nd2 32.Re2 Bc1 33.b6 Kd7 34.b7 Rxa3 35.Rxa3 Bxa3 36.Rxd2  1-0

[Event "EUCup f"]
[Site "Ljubljana"]
[Date "1995.??.??"]
[Round "1"]
[White "Huzman, Alexander"]
[Black "Nikolic, Predrag"]
[Result "1/2-1/2"]
[WhiteElo "2580"]
[BlackElo "2645"]

1.d4 f5 2.g3 Nf6 3.Bg2 g6 4.Nh3 Bg7 5.Nf4 e6 6.Nd2 Nc6 7.c3 d6 8.Qb3 Qe7
9.e4 e5 10.dxe5 Nxe5 11.O-O c6 12.exf5 Bxf5 13.Nf3 Nxf3+ 14.Bxf3 d5 15.c4 d4
16.Nd3 O-O 17.Re1 Qc7 18.Bf4 Qb6 19.Qa3 Rfe8 20.Be5 Bxd3 21.Qxd3 Nd7 22.Bd6 Ne5
23.Bxe5 Rxe5 24.Rxe5 Bxe5 25.Re1 Bf6 26.Re2 Rf8 27.h4 Qc5 28.Kg2 Kg7 29.a3 a5  1/2-1/2

[Event "Amber-rapid 4th"]
[Site "Monte Carlo"]
[Date "1995.??.??"]
[Round "1"]
[White "Nikolic, Predrag"]
[Black "Kamsky, Gata"]
[Result "1-0"]
[WhiteElo "2645"]
[BlackElo "2710"]

1.d4 Nf6 2.Nf3 e6 3.c4 b6 4.g3 Ba6 5.Qa4 c5 6.Bg2 Bb7 7.O-O Be7 8.Rd1 cxd4
9.Nxd4 Bxg2 10.Kxg2 Qc7 11.Nb5 Qc6+ 12.f3 O-O 13.Bf4 a6 14.N5c3 Rc8 15.Nd2 d6
16.Qxc6 Rxc6 17.Nde4 Ne8 18.b3 Nd7 19.g4 Rac8 20.Rd3 Nc5 21.Nxc5 bxc5 22.Rad1 f6
23.Bg3 Kf7 24.Ne4 Rd8 25.f4 f5 26.gxf5 exf5 27.Nc3 Nf6 28.Kf3 Re8 29.Re1 Bf8
30.e4 fxe4+ 31.Nxe4 Nxe4 32.Rxe4 g6 33.f5 gxf5 34.Rxe8 Kxe8 35.Rd5 a5 36.Be1 Ra6
37.a4 Ke7 38.Kf4 Ke6 39.Rxf5 Bg7 40.Ke4 Bf6 41.Rh5 Ra8 42.Rxh7 Rb8 43.Rh3 Rg8
44.Bxa5 Kd7 45.Bc3 Re8+ 46.Kf5 Bd8 47.Rh7+ Kc6 48.Rh8 Re3 49.Bd2 Rd3 50.Rxd8 Rxd2
51.h4 Rf2+ 52.Kg4 Rg2+ 53.Kh3 Rb2 54.Rb8 Kc7 55.Rb5 Rb1 56.h5 Rh1+ 57.Kg4 Rg1+
58.Kf5 Rf1+ 59.Kg6 Rg1+ 60.Kh7 Kd7 61.h6 Ke6 62.Rb7 Kf6 63.Rg7 Re1 64.Rg6+  1-0

[Event "Amber-rapid 4th"]
[Site "Monte Carlo"]
[Date "1995.??.??"]
[Round "2"]
[White "Ivanchuk, Vassily"]
[Black "Nikolic, Predrag"]
[Result "1/2-1/2"]
[WhiteElo "2700"]
[BlackElo "2645"]

1.d4 d5 2.c4 c6 3.Nf3 Nf6 4.Nc3 a6 5.Qc2 g6 6.cxd5 cxd5 7.Bg5 Nc6 8.Bxf6 exf6
9.g3 Bb4 10.Bg2 O-O 11.O-O Re8 12.e3 Bf5 13.Qb3 Bxc3 14.Qxc3 Be4 15.Rfc1 Qb6
16.Nd2 Bxg2 17.Kxg2 Rad8 18.Nb3 h5 19.Nc5 Rd6 20.Qb3 Qxb3 21.axb3 Nd8 22.b4 Re7
23.Nd3 Ne6 24.b5 axb5 25.Ra5 b6 26.Rxb5 Rc7 27.h4 Rxc1 28.Nxc1 Nc7 29.Rb3 Rc6
30.Ne2 Kf8 31.Nc3 Ke7 32.Kf3 f5 33.Ke2 Kd7 34.Kd3 Kc8 35.Ra3 Kb7 36.Ra1 Re6
37.Ne2 Rd6 38.Ng1 Rc6 39.Kd2 Na6 40.Ra4 Nb8 41.Nh3 Nd7 42.Ng5 Nf6 43.f3 Rc7
44.Ra3 Ne8 45.Rc3 Nd6 46.b3 Rxc3 47.Kxc3 Kc6 48.Kd3 Kd7 49.Nh3 Ne8 50.Nf4 Kc6
51.Kc3 Nc7 52.Nd3 Kd6 53.Ne5 Ke7 54.Kb4 Ke6 55.Nc6 Kd7 56.Na7 Kd8 57.Nb5 Na6+
58.Ka4 Kd7 59.Na3 Nc7 60.Nc2 Kc6 61.Nb4+ Kd6 62.Nd3 Kd7 63.Kb4 Ke6 64.Ne5 Ke7
65.Ka4 Ke6 66.Nc6 Kd6 67.Na7 Kd7 68.Nb5 Na6 69.Nc3 Kc6 70.b4 Nc7 71.b5+ Kd6
72.Kb4 Ne6 73.Na4 Kc7 74.Kc3 Ng7 75.Kd3 Ne8 76.Nc3 Nf6 77.Na2 Kd6 78.Nb4 Ne8
79.Na2 Nf6 80.Nc3 Kd7  1/2-1/2

[Event "Amber-blind 4th"]
[Site "Monte Carlo"]
[Date "1995.??.??"]
[Round "2"]
[White "Nikolic, Predrag"]
[Black "Ivanchuk, Vassily"]
[Result "1/2-1/2"]
[WhiteElo "2645"]
[BlackElo "2700"]

1.d4 Nf6 2.c4 e6 3.Nf3 b6 4.g3 Bb7 5.Bg2 Be7 6.O-O O-O 7.Nc3 Ne4 8.Qc2 Nxc3
9.Qxc3 Bf6 10.Qc2 d5 11.cxd5 exd5 12.Bf4 Na6 13.Rad1 Re8 14.Rfe1 c5 15.dxc5 Nxc5
16.Nd4 Rc8 17.Qb1 Ne4 18.Nb5 Rc5 19.a4 Bc6 20.Bxe4 Rxe4 21.Qxe4 dxe4 22.Rxd8+ Bxd8
23.Rd1 Bf6 24.Be3 Rc2 25.b3 Bxb5 26.axb5 Rb2 27.Ra1 Rxb3 28.Rxa7 h5 29.Rb7 Rxb5
30.Rxb6  1/2-1/2

[Event "Amber-blind 4th"]
[Site "Monte Carlo"]
[Date "1995.??.??"]
[Round "3"]
[White "Nunn, John DM"]
[Black "Nikolic, Predrag"]
[Result "0-1"]
[WhiteElo "2630"]
[BlackElo "2645"]

1.e4 e6 2.d4 d5 3.Nc3 Bb4 4.e5 c5 5.a3 Bxc3+ 6.bxc3 Ne7 7.a4 Qc7 8.Nf3 b6
9.Bb5+ Bd7 10.Bd3 Nbc6 11.O-O h6 12.Re1 O-O 13.Bf4 Ng6 14.Bd2 a5 15.h4 cxd4
16.h5 dxc3 17.Bxh6 gxh6 18.hxg6 fxg6 19.Bxg6 Be8 20.Bxe8 Raxe8 21.Nd4 Nxd4
22.Qxd4 Qc5 23.Qg4+ Kh7 24.Re3 Re7 25.Rf1 Rxf2 26.Kxf2 Rf7+ 27.Ke2 Rxf1 28.Kxf1 Qxe3
29.Qxe6 Qc1+ 30.Kf2 Qxc2+ 31.Kg1 Qc1+ 32.Kh2 Qf4+ 33.g3 Qf2+ 34.Kh3 c2 35.Qd7+ Kh8
36.Qd8+ Kg7 37.Qc7+ Kg6 38.Qd6+ Kh5 39.g4+ Kg5 40.Qd8+ Kf4 41.Qf6+ Ke3 42.Qxb6+ Ke2
43.Qb5+ Ke1 44.Qc5 Qxc5  0-1

[Event "Amber-blind 4th"]
[Site "Monte Carlo"]
[Date "1995.??.??"]
[Round "4"]
[White "Nikolic, Predrag"]
[Black "Karpov, Anatoly"]
[Result "1/2-1/2"]
[WhiteElo "2645"]
[BlackElo "2780"]

1.d4 Nf6 2.c4 e6 3.Nf3 b6 4.g3 Ba6 5.b3 Bb4+ 6.Bd2 Be7 7.Bg2 Bb7 8.O-O O-O
9.Nc3 c6 10.e4 d5 11.Qc2 dxe4 12.Nxe4 Nxe4 13.Qxe4 Nd7 14.Rad1 Nf6 15.Qe2 c5
16.dxc5 Bxc5 17.Bc3 Qe7 18.Ne5 Rfd8 19.Nc6 Bxc6 20.Bxc6 Rac8 21.Bf3 a5 22.Kg2 Ne8
23.Rxd8 Rxd8 24.Rd1 Rxd1 25.Qxd1 Qd6 26.Qxd6 Nxd6 27.Be5 f6 28.Bxd6  1/2-1/2

[Event "Amber-rapid 4th"]
[Site "Monte Carlo"]
[Date "1995.??.??"]
[Round "4"]
[White "Karpov, Anatoly"]
[Black "Nikolic, Predrag"]
[Result "1-0"]
[WhiteElo "2780"]
[BlackElo "2645"]

1.d4 Nf6 2.c4 e6 3.Nf3 Bb4+ 4.Bd2 c5 5.Bxb4 cxb4 6.g3 b6 7.Bg2 Bb7 8.O-O O-O
9.Qd3 d6 10.Nbd2 Qc7 11.Rac1 Nbd7 12.e4 e5 13.Ne1 Rfe8 14.Nc2 a5 15.Rfe1 Rad8
16.a3 bxa3 17.Qxa3 exd4 18.Nxd4 Nc5 19.f3 g6 20.Nf1 Qe7 21.Ne3 h5 22.Qc3 h4
23.Rcd1 hxg3 24.hxg3 Qe5 25.Nf1 Ne6 26.Re3 Nxd4 27.Qxd4 Qxd4 28.Rxd4 g5 29.Rb3 g4
30.Nd2 gxf3 31.Bxf3 Ba8 32.Rxb6 Rb8 33.Rbxd6 Kg7 34.b3 a4 35.bxa4 Rb4 36.c5 Rb2
37.e5 Nh7 38.Rg4+ Kf8 39.Bxa8 Rxa8 40.c6 Ke7 41.Nc4 Rxa4 42.Nxb2 Rxg4 43.Kg2 Rb4
44.Nd3 Rc4 45.Nf4 Ng5 46.Nd5+ Ke8 47.c7 Ne6 48.Nf6+ Ke7 49.Rd7+ Kf8 50.Rd8+ Kg7
51.c8=Q  1-0

[Event "Amber-rapid 4th"]
[Site "Monte Carlo"]
[Date "1995.??.??"]
[Round "5"]
[White "Nikolic, Predrag"]
[Black "Kramnik, Vladimir"]
[Result "1/2-1/2"]
[WhiteElo "2645"]
[BlackElo "2715"]

1.d4 d5 2.c4 c6 3.Nf3 Nf6 4.e3 Bf5 5.Qb3 Qb6 6.Nc3 e6 7.Qxb6 axb6 8.Nh4 Bc2
9.Bd2 h6 10.h3 Nbd7 11.cxd5 exd5 12.Rc1 Bh7 13.g4 b5 14.a3 b4 15.axb4 Bxb4
16.Nf5 O-O 17.Bd3 Rfe8 18.f3 c5 19.Kf2 cxd4 20.exd4 Nb6 21.Rc2 Rac8 22.Re1 Re6
23.Rec1 Rec6 24.Bb5 Bxf5 25.gxf5 R6c7 26.Bf4 Re7 27.Ne2 Rxc2 28.Rxc2 Ne8
29.Bb8 Bd6 30.Ba7 Nc7  1/2-1/2

[Event "Amber-blind 4th"]
[Site "Monte Carlo"]
[Date "1995.??.??"]
[Round "7"]
[White "Nikolic, Predrag"]
[Black "Ljubojevic, Ljubomir"]
[Result "1-0"]
[WhiteElo "2645"]
[BlackElo "2580"]

1.d4 Nf6 2.c4 e6 3.Nf3 b6 4.g3 Ba6 5.Qa4 c6 6.Nc3 b5 7.cxb5 cxb5 8.Nxb5 Qb6
9.Nc3 Nc6 10.Bg2 Bb4 11.O-O Bxc3 12.bxc3 Bxe2 13.Re1 Qa6 14.Qxa6 Bxa6 15.Ne5 Rc8
16.Bxc6 dxc6 17.Ba3 Nd5 18.Rac1 f6 19.Nf3 Kd7 20.Nd2 Nb6 21.Nb3 Bc4 22.Nc5+ Ke7
23.Ne4+ Kd7 24.Nd6 Rc7 25.Bc5 Bxa2 26.c4 Rb8 27.Re2 Bb3 28.Re3 Nc8 29.Ne4 a5
30.Ba3 c5 31.Nxc5+ Rxc5 32.Bxc5 a4 33.f4 Rb7 34.f5 exf5 35.Bf8 Kd8 36.d5 Nb6
37.Rec3 Rc7 38.Bb4 Nxc4 39.Ba5 Nxa5 40.Rxc7 a3 41.Ra7 Nc4 42.Rc3 Nd2 43.Rxa3  1-0

[Event "Amber-rapid 4th"]
[Site "Monte Carlo"]
[Date "1995.??.??"]
[Round "7"]
[White "Ljubojevic, Ljubomir"]
[Black "Nikolic, Predrag"]
[Result "1-0"]
[WhiteElo "2580"]
[BlackElo "2645"]

1.e4 e5 2.Nf3 Nc6 3.Bb5 a6 4.Ba4 Nf6 5.O-O Be7 6.Re1 b5 7.Bb3 d6 8.c3 O-O
9.h3 Be6 10.d4 Bxb3 11.axb3 Re8 12.d5 Nb8 13.b4 c6 14.dxc6 Nxc6 15.Bg5 Nd7
16.Bxe7 Qxe7 17.Na3 Nb6 18.Nc2 Nc4 19.Ra2 a5 20.Qd5 Qb7 21.b3 Nb6 22.Qxb5 axb4
23.Rxa8 Rxa8 24.Nxb4 Nxb4 25.Qxb4 Qc6 26.Rd1 Nc8 27.Nxe5  1-0

[Event "Amber-rapid 4th"]
[Site "Monte Carlo"]
[Date "1995.??.??"]
[Round "8"]
[White "Nikolic, Predrag"]
[Black "Anand, Viswanathan"]
[Result "0-1"]
[WhiteElo "2645"]
[BlackElo "2715"]

1.d4 Nf6 2.Nf3 g6 3.g3 Bg7 4.Bg2 d5 5.O-O c6 6.b3 O-O 7.c4 Bf5 8.Bb2 Re8
9.e3 Nbd7 10.Qe2 Bg4 11.cxd5 Nxd5 12.e4 Nc7 13.e5 Nb6 14.Nbd2 a5 15.h3 Be6
16.Ne4 Qc8 17.Nfg5 Bd5 18.h4 a4 19.Bh3 Qd8 20.Nc5 Nb5 21.Rab1 axb3 22.axb3 Ra2
23.Qe3 h6 24.Nge4 Bxe4 25.Qxe4 Qd5 26.Bg2 Qxe4 27.Bxe4 Nd5 28.Bxd5 cxd5 29.Rfc1 Rc8
30.Nd3 Raa8 31.Rc5 Rxc5 32.Nxc5 e6 33.Ra1 Rc8 34.Ra5 Nxd4 35.Bxd4 b6 36.Rb5 bxc5
37.Bxc5 Bxe5 38.b4 d4 39.Ra5 d3 40.Kf1 Bc3 41.Ra6 e5 42.f3 d2 43.Ke2 Rd8
44.Rd6 Ra8 45.b5 Ra1 46.Rxd2 Bxd2 47.Kxd2 Ra5  0-1